000 00736nam a2200205 4500
999 _c191303
_d191303
005 20220824115739.0
010 _aENG-134590
020 _c90.00
_a9789385829642
035 _aEN-118122
037 _bDBAD/PUB
082 _a483
100 _aKasarla, Shivani Pujala
245 _aA Text for the development of English Vocabulary
_cShivani Pujala Kasarla, ed. by Prakasam V. and S.D. Shubha Reddy
260 _aTelangana
_bEMESCO BOOKS
_c2016
270 _a1-2-7, Banoo colony, gagan mahal road, Domalguda
_bHyderabad
_e500029
_k040-23264028
_l040-23264028
_memescobooks@yahoo.com
300 _a160p.
_c22cm(pbk)
700 _aCacciamali maria cristina
700 _aRodgers Gerry
942 _2ddc
_cEN
_h483
_mKAS